000 00872cam a2200277 a 4500
003 UPN
005 20240305063737.0
008 191126s2019 mx ao dr 000 0 spa d
020 _a9786075511269 (obra completa)
020 _a9786075511719 (volumen I)
020 _a9786075511733 (volumen II)
035 _aUPN01000234375
040 _aMX-MxUPN
_bspa
_cMX-MxUPN
050 4 _aLB1644
_bM63 2019
245 0 0 _aFormación cívica y ética II :
_btercer grado
250 _aSegunda edición
260 _aMéxico :
_bSEP,
_c2019.
300 _a2 volúmenes :
_bilustraciones a color, fotografías.
490 0 _aTelesecundaria
650 4 _aCivismo
_xEstudio y enseñanza (Secundaria)
_91512
650 7 _aÉtica
_xEstudio y enseñanza (Secundaria)
_2
_91511
650 4 _aTelesecundaria
_96411
905 _aLibro
942 _2lcc
_cLIBRO
999 _c206470
_d206470